Welcome to CU Library Online Public Access Catalogue (OPAC)

NEW INTERNATIONAL BIBLICAL COMMENTARY JAMES (Record no. 7067)

MARC details
000 -LEADER
fixed length control field 00401nam a22001457a 4500
005 - DATE AND TIME OF LATEST TRANSACTION
control field 20250721152858.0
008 - FIXED-LENGTH DATA ELEMENTS--GENERAL INFORMATION
fixed length control field 250721b |||||||| |||| 00| 0 eng d
020 ## - INTERNATIONAL STANDARD BOOK NUMBER
International Standard Book Number 9780943575131
050 ## - LIBRARY OF CONGRESS CALL NUMBER
Classification number BS2785
Item number .3 DAV
100 ## - MAIN ENTRY--PERSONAL NAME
Personal name DAVIDS PETER H.
245 ## - TITLE STATEMENT
Title NEW INTERNATIONAL BIBLICAL COMMENTARY JAMES
260 ## - PUBLICATION, DISTRIBUTION, ETC.
Place of publication, distribution, etc. MASSACHUSETTS
Name of publisher, distributor, etc. HENDRICKSON PUBLISHERS
Date of publication, distribution, etc. c1989
300 ## - PHYSICAL DESCRIPTION
Extent xv, 172p
942 ## - ADDED ENTRY ELEMENTS (KOHA)
Source of classification or shelving scheme Library of Congress Classification
Koha item type Books
Suppress in OPAC No
999 ## -
-- 7067
-- 7067
Holdings
Withdrawn status Lost status Source of classification or shelving scheme Damaged status Not for loan Collection Home library Current library Shelving location Date acquired Total checkouts Full call number Barcode Date last seen Copy number Price effective from Koha item type
    Library of Congress Classification     Non-fiction Undergraduate Library (Christ Temple) Undergraduate Library (Christ Temple) General stacks 07/21/2025   BS2785.3 DAV ULCT00003981 07/21/2025 1 07/21/2025 Books
© 2023-2024 Copyright: Central University Libraries. All Rights Reserved | Created by: Mahone Tech Office